| 000 | 00419nam a22001697a 4500 | ||
|---|---|---|---|
| 999 |
_c525526 _d525526 |
||
| 003 | NUST | ||
| 020 | _cPaperback | ||
| 038 | _aM. Shaban | ||
| 082 |
_a891.4911 _bSAL |
||
| 100 |
_aSaleem Dilawri _916424 |
||
| 245 |
_aUdeek / _cSaleem Dilawri |
||
| 260 |
_aLahore : _bPunjabi union, _c2010. |
||
| 300 | _a143 p. ; | ||
| 880 |
_6100-01\r _aسلیم دلاوری |
||
| 880 |
_6245-02\r _aاُڈیک / |
||
| 942 |
_2ddc _cBK |
||